LIBRARY & INFORMATION CENTRE, KCAET, TAVANUR

ONLINE PUBLIC ACCESS CATALOGUE (OPAC)

General statistics / (Record no. 10589)

MARC details
000 -LEADER
fixed length control field 00390cam a2200157ua 4500
041 ## - LANGUAGE CODE
Language code of text/sound track or separate title eng
082 ## - DEWEY DECIMAL CLASSIFICATION NUMBER
Classification number 519.5
Item number CHA/GE
100 ## - MAIN ENTRY--AUTHOR NAME
Personal name Chase, Warren .
245 ## - TITLE STATEMENT
Title General statistics /
260 ## - PUBLICATION, DISTRIBUTION, ETC. (IMPRINT)
Place of publication London :
Name of publisher John Wiley & Sons ,
Year of publication 1986.
300 ## - PHYSICAL DESCRIPTION
Number of Pages :
Other physical details 506 ; .
700 1# - ADDED ENTRY--PERSONAL NAME
Personal name Bown, Fred .
942 ## - ADDED ENTRY ELEMENTS (KOHA)
Koha item type Books
Holdings
Withdrawn status Lost status Damaged status Home library Current library Date acquired Full call number Accession Number Koha item type
      KAUAET KAUAET 07/04/2012 519.5 CHA/GE 16567 Books
free website counter